PCS Season Leaders 2021 (Cycling) - Statistics

General Stats
  • This quiz has been taken 77 times
    63 since last reset
  • The average score is 7 of 22
Answer Stats
Date Points Team - Nationality Rider % Correct
Year End 3214 UAE-Team Emirates - Slovenia Tadej Pogacar
98%
13.06.- 1400 UAE-Team Emirates - Slovenia Tadej Pogacar
98%
13.03.-27.03. 698 UAE-Team Emirates - Slovenia Tadej Pogacar
98%
06.03. 339 UAE-Team Emirates - Slovenia Tadej Pogacar
98%
28.03.-12.06. 961 Team Jumbo-Visma - Belgium Wout van Aert
97%
07.03.-12.03. 367 Trek - Segafredo - Netherlands Bauke Mollema
63%
27.02.-05.03. 278 Deceuninck - Quick Step - Italy Davide Ballerini
27%
07.02.-13.02. 149 Lotto Soudal - Belgium Tim Wellens
24%
13.01. 5 Equipe continentale Groupama-FDJ - New Zealand Laurence Pithie
17%
13.01. 5 Equipe continentale Groupama-FDJ - New Zealand Reuben Thompson
17%
16.01. 10 Jumbo-Visma Development Team - New Zealand Finn Fisher-Black
10%
13.01. 5 Jumbo-Visma Development Team - New Zealand Finn Fisher-Black
10%
14.02.-26.02. 180 INEOS Grenadiers - Colombia Ivan Ramiro Sosa
10%
31.01.-06.02. 75 AG2R Citroen Team - France Aurelien Paret-Peintre
5%
17.01.-23.01. 37 SEG Racing Academy - New Zealand Corbin Strong
5%
13.01. 5 SEG Racing Academy - New Zealand Corbin Strong
5%
14.01. 9 Black Spoke Pro Cycling Academy - New Zealand Luke Mudgway
0%
13.01. 5 Global 6 Cycling - New Zealand Ollie Jones
0%
16.01. 10 New Zealand Regan Gough
0%
15.01. 10 New Zealand Regan Gough
0%
13.01. 5 New Zealand Regan Gough
0%
24.01.-30.01. 40 Louletano - Loule Concelho - Venezuela Roniel Campos
0%
No matching quizzes found
Score Distribution
Percent of People with Each Score
Percentile by Number Answered
Your Score History
You have not taken this quiz since the last reset